000 00673nam a2200229 i 4500
001 C2-0266993
003 PPAK
005 20180727234314.0
008 050904s2005 my |||| ||||| | zxx d
022 _a1675-6223
040 _aPPAK
_beng
_cPPAK
_erda
082 0 4 _a621.382
_223
090 0 0 _a621.382
_bKOM
_dR
245 0 0 _aKomunikasi & multimedia =
_bCommunications & multimedia
264 1 _aCyberjaya, Selangor :
_bMalaysian Communications and Multimedia Commission ,
_c2005
300 _ax, 75 pages ;
_c29 cm
336 _2rdacontent
_atext
337 _2rdamedia
_aunmediated
338 _2rdacarrier
_avolume
650 1 0 _aMultimedia systems.
942 _ddc
_cB
999 _c76026
_d76026